000 00453nam a22001697a 4500
005 20180226120600.0
008 160430b xxu||||| |||| 00| 0 eng d
020 _a81-297-0597-4
041 _aeng
082 _b00981
_a330.0285
100 _aMiranda J. Mario Fackler L. Paul
_94162
245 _aApplied Computational Economics & Finance.
260 _aNew Delhi
_bPearson Education,
_c2004
300 _a509
650 _aManagement
_9241
942 _cBK
999 _c343
_d343